| 000 | 00375nam a22001217a 4500 | ||
|---|---|---|---|
| 008 | 090712t xxu||||| |||| 00| 0 eng d | ||
| 020 | _a9770913731 | ||
| 082 |
_a813.962 _bح ك ى |
||
| 245 |
_a:الرباط المقدس _b/ رواية _cتوفيق الحكيم. |
||
| 260 |
_aالقاهرة : _bدار الشروق ، _c2006. |
||
| 300 |
_a246؛ ص _c15 سم. |
||
| 942 |
_2ddc _cBB |
||
| 999 |
_c12355 _d12355 |
||